Catálogo

The musician's guide to MIDI / (Registro nro. 16231)

Detalles MARC
000 -LEADER
fixed length control field 01097cam a2200289 i 4500
001 - CONTROL NUMBER
control field 16231
003 - CONTROL NUMBER IDENTIFIER
control field Mx-PuUPA
005 - DATE AND TIME OF LATEST TRANSACTION
control field 20250825104037.0
008 - FIXED-LENGTH DATA ELEMENTS--GENERAL INFORMATION
fixed length control field 140415s1992 caua gr 000 0 eng d
020 ## - INTERNATIONAL STANDARD BOOK NUMBER
International Standard Book Number 0782112854
020 ## - INTERNATIONAL STANDARD BOOK NUMBER
International Standard Book Number 9780782118256
040 ## - CATALOGING SOURCE
Original cataloging agency Mx-PuUPA
Language of cataloging spa
Transcribing agency Mx-PuUPA
Modifying agency Mx-PuUPA
Description conventions rda
041 1# - LANGUAGE CODE
Language code of text/sound track or separate title eng
Language code of original fre
100 1# - MAIN ENTRY--PERSONAL NAME
Personal name Braut, Christian,
Relator term autor
245 14 - TITLE STATEMENT
Title The musician's guide to MIDI /
Statement of responsibility, etc. Christian Braut ; translator, Heather Barbara Clifford
264 #1 - PRODUCTION, PUBLICATION, DISTRIBUTION, MANUFACTURE, AND COPYRIGHT NOTICE
Place of production, publication, distribution, manufacture Alameda, CA :
Name of producer, publisher, distributor, manufacturer SYBEX,
Date of production, publication, distribution, manufacture, or copyright notice 1992
300 ## - PHYSICAL DESCRIPTION
Extent xxxv, 1087 páginas :
Other physical details ilustraciones ;
Dimensions 23 cm
336 ## - CONTENT TYPE
Fuente rdacontent
Content type term texto
Content type code txt
337 ## - MEDIA TYPE
Source rdamedia
Media type term sin medio
Media type code n
338 ## - CARRIER TYPE
Source rdacarrier
Carrier type term volumen
Carrier type code nc
500 ## - GENERAL NOTE
General note "Get a complete overview and simple explanations of MIDI hardaware and software ; Find out how to orchestrate music, créate multimedia effects and more". -- Cubierta
650 #7 - SUBJECT ADDED ENTRY--TOPICAL TERM
Topical term or geographic name entry element Computadores
General subdivision Procesamiento del sonido
Source of heading or term armarc
700 1# - ADDED ENTRY--PERSONAL NAME
Personal name Clifford, Heather Barbara,
Relator term traductor
942 ## - ADDED ENTRY ELEMENTS (KOHA)
Source of classification or shelving scheme Dewey Decimal Classification
Koha item type Libro
Classification part 006.5
Item part B714
Existencias
Withdrawn status Lost status Source of classification or shelving scheme Damaged status Not for loan Collection code Home library Current library Shelving location Date acquired Source of acquisition Total Checkouts Full call number Barcode Date last seen Price effective from Koha item type
    Dewey Decimal Classification     General Biblioteca Karol Wojtyla Biblioteca Karol Wojtyla Sala general 03/12/2013 Compra   006.5 B714 1992 33992 05/01/2026 03/12/2013 Libro